000
00325nam a22001457a 4500
003
OSt
005
20160727222346.0
008
160621b xxu||||| |||| 00| 0 eng d
040
_c
Test
100
_9
247
_a
Baglio, B, M
245
_a
Kitten Crowd
260
_a
N.Y
_b
Scholastic
_c
1996
300
_a
Kitten Crowd
942
_2
ddc
_c
BK
999
_c
198
_d
198